00696cam a2200181 450000500170000000800430001702000150006005000220007510000310009724501470012825000110027526000540028630000210034050000210036165000390038265000530042170000400047420240301131648.0 t19941994 ag spa  a950200264404aKHA1194bB66 19841 aBoneo Villegas, Eduardo J.10aContratos bancarios modernos b : banca moderna, leasing, factoring, underwriting c / Eduardo J. Boneo Villegas, Eduardo A. Barreira Delfino. a1a ed. aBuenos Aires, Argentina :bAbeledo-Perrot, c1984 a286 p. ;c23 cm. aIncluye índice 72lembaDerecho bancario zArgentina 72lembaFinanzasxLeyes y legislaciónzArgentina1 aBarreira Delfino, Eduardo A.eautor